ბათუმის შოთა რუსთაველის სახელმწიფო უნივერსიტეტის ბიბლიოთეკა

კულტურის სოციოლოგია : (ბიბ.ჩანაწერი № 58951)

000 -ლიდერი
ფიქსირებული სიგრძის საკონტროლო ველი 01846nam a22002777a 4500
003 - საკონტროლო ნომრის იდენტიფიკატორი
საკონტროლო ველი Ge_BSU
005 - ბოლო ოპერაციის თარიღი და დრო
საკონტროლო ველი 20221024112512.0
008 - ფიქსირებული სიგრძის მონაცემთა ელემენტები - ზოგადი ინფორმაცია
ფიქსირებული სიგრძის საკონტროლო ველი 221024s2009 ge ||||| |||| 00| 0 geo d
020 ## - წიგნის საერთაშორისო სტანდარტული ნომერი
International Standard Book Number 9789941404856
041 ## - ენის კოდი
Language code of text/sound track or separate title geo
080 ## - უნივერსალური ათობითი კლასიფიკაციის ინდექსი
Universal Decimal Classification number 316.7 ზ-39
100 ## - მთავარი ჩანაწერი - პიროვნების სახელი
Personal name ზაქარაძე, ლალი.
9 (RLIN) 15467
245 ## - ცნობა სათაურის შესახებ
Title კულტურის სოციოლოგია :
Remainder of title კლასიკოსები, ცნებები, პრობლემები. ნაწ. 1 /
Statement of responsibility, etc ლალი ზაქარაძე ; [რედ.: თენგიზ ირემაძე, გიორგი ბარამიძე ; შ. რუსთაველის სახ. სახელმწ. უნ-ტის ჰუმანიტ. მეცნ. ფაკ., ფილოს. დეპარტამენტი].
264 ## - წარმოების, გამოცემის, დისტრიბუციის და სხვა ცნობები
გამოცემის, წარმოების, დისტრიბუციის... ადგილი თბილისი :
გამოცემის, წარმოების, დისტრიბუციის... სახელწოდება [ნეკერი],
გამოცემის, წარმოების, დისტრიბუციის... თარიღი 2009.
300 ## - ფიზიკური აღწერა
Extent 157 გვ.;
Other physical details 19 სმ.
501 ## - შენიშვნა თანმხლებ მასალაზე
With note სახ. საძ.: გვ. 153-157.
504 ## - BIBLIOGRAPHY, ETC. NOTE
Bibliography, etc ბიბლიოგრაფია: გვ. 146-152.
653 ## - INDEX TERM--UNCONTROLLED
Uncontrolled term კულტურის სოციოლოგია
653 ## - INDEX TERM--UNCONTROLLED
Uncontrolled term საზოგადოება
653 ## - INDEX TERM--UNCONTROLLED
Uncontrolled term ცოდნის კულტურსოციოლოგია
653 ## - INDEX TERM--UNCONTROLLED
Uncontrolled term კრიტიკული თეორიები კულტურის შესახებ
700 ## - ADDED ENTRY--PERSONAL NAME
Personal name ირემაძე, თენგიზ
Relator term რედაქტორი
9 (RLIN) 2229
700 ## - ADDED ENTRY--PERSONAL NAME
Personal name ბარამიძე, გიორგი
Relator term რედაქტორი
9 (RLIN) 15468
710 ## - ADDED ENTRY--CORPORATE NAME
Corporate name or jurisdiction name as entry element შ. რუსთაველის სახელობის სახელმწიფო უნივერსიტეტი.
Subordinate unit ჰუმანიტარულ მეცნიერებათა ფაკულტეტი.
9 (RLIN) 15469
942 ## - ADDED ENTRY ELEMENTS (KOHA)
Source of classification or shelving scheme
Koha item type წიგნი
ეგზემპლარები
ჩამოწერის სტატუსი დაკარგული ეგზემპლარის სტატუსი კლასიფიკაციის წყარო ან თაროზე გაწყობის სქემა დაზიანების სტატუსი არ გაიცემა მუდმივი მდებარეობა (დაცვის ადგილი) ამჟამინდელი ადგილსამყოფელი თაროზე განთავსების ადგილი შეძენის თარიღი ღირებულება, შესყიდვის ნორმალური ფასი სრული შენახვის შიფრი შტრიხკოდი ბოლო ოპერაციის თარიღი ეგზემპლარის მიმდევრობითი ნომერი (კეტერი?) ფასის ძალაში შესვლის თარიღი ეგზემპლარის სახეობა საჯარო შენიშვნა
          ბათუმის შოთა რუსთაველის სახელმწიფო უნივერსიტეტის მთავარი ბიბლიოთეკა ბათუმის შოთა რუსთაველის სახელმწიფო უნივერსიტეტის მთავარი ბიბლიოთეკა წიგნსაცავი 2022-10-24 6.00 316.7 ზ-39 28741 2022-10-24 28741 2022-10-24 წიგნი 6 ლ.